000 01235nam a2200325 i 4500
003 DO-SdBNP
005 20251121130515.0
007 ta
008 20206b 2020 dr |||| |||| 00| 0 sspadd
020 _a9789945613483
040 _aDO-SdBNP
_bspa
_cBNPHU
_erda
041 _aspa
082 4 _aRD868.42
_bL951c
_222
100 1 _aLugo, Américo
_d1870-1952
_eautor
_4aut.
_981550
245 1 0 _aCorrespondencia /
_cAmérico Lugo ; edición, Andrés Blanco Díaz
264 4 _aSanto Domingo :
_bArchivo General de la Nación,
_c©2020.
300 _a384 páginas :
_bilustraciones ;
_c24 cm
336 _atexto
_btxt
_2rdacontent
337 _asin mediación
_bn
_2rdamedia
338 _avolumen
_bnc
_2rdacarrier
490 0 _aArchivo General de la Naciòn,
_v381
500 _aIncluye referencias bibliográficas y notas al pie de las paginas
500 _aIncluye datos biográficos del autor en la solapa de la cubierta
590 _aInventariado, 2021 /DG
600 1 0 _aLugo, Américo
_d1870-1952
_vCorrespondencias, memorias, etc
_977865
700 1 _aBlanco Díaz, Andrés,
_eeditor
_4ed.
_9172
710 2 _aArchivo General de la Nación (República Dominicana)
_985400
910 _aInventariado, 2021 /DG
942 _2ddc
_cLBS1
999 _c49378
_d49378